Normal view
MARC view
Entry Topical Term
001 - CONTROL NUMBER
- control field: 3428
003 - CONTROL NUMBER IDENTIFIER
- control field: ARRUPE
005 - DATE AND TIME OF LATEST TRANSACTION
- control field: 20131106165711.0
008 - FIXED-LENGTH DATA ELEMENTS
- fixed length control field: 131106|| aca||aabn | a|a d
040 ## - CATALOGING SOURCE
- Original cataloging agency: ARRUPE
- Transcribing agency: ARRUPE
150 ## - HEADING--TOPICAL TERM
- Topical term or geographic name as entry element: Pastoral care
- Form subdivision: Dictionaries.
670 ## - SOURCE DATA FOUND
- Source citation: Work cat.: (ARRUPE)0: The concise dictionary of pastoral care and counseling /, c2010.